000 00565nam a2200157 i 4500
001 91346
003 ES-MaACL
007 t|
008 050128s1926 sp ||||1| spa d
100 1 _aLeveuf, Jacques.
_971943
245 1 0 _aCompendio de Medicina y Cirugía
_b: cirugía de urgencia /
_cpor Jacques Leveuf ; traducida por Antonio de Goroa y Pineda.
260 _aMadrid :
_b[s.n.],
_c1926 (
_eValladolid :
_fImp. de la Casa Social Católica)
300 _a141 p. ;
_c17 cm.
700 1 _aSoroa y Pineda, Antonio de.
_9107413
852 _aES-MaACL
_jB-9757
_bR.18545
999 _c91346
_d91346